| 000 | 00909nam a2200277 i 4500 | ||
|---|---|---|---|
| 001 | 6218 | ||
| 003 | ES-MaACL | ||
| 005 | 20230906144833.0 | ||
| 007 | t| | ||
| 008 | 890829s1989 sp |||| | spa d | ||
| 020 | _a84-86884-9 | ||
| 080 | _a908(460)"18/19"(083.41) | ||
| 245 | 0 | 0 |
_aEstadísticas históricas de España _b: siglos XIX-XX / _cCarlos Barciela... [et al.] ; coordinación de Albert Carreras. |
| 260 |
_aMadrid : _bFundación Banco Exterior, _c[1989] |
||
| 300 |
_a632 p. ; _c31 cm. |
||
| 490 | 1 | _aColección Investigaciones | |
| 500 | _aÍndices. | ||
| 504 | _aBibliografía: p. 587-593. | ||
| 651 | 4 |
_aEspaña- _vEstadísticas. _9162174 |
|
| 700 | 1 |
_aBarciela, Carlos. _925550 |
|
| 700 | 1 |
_aCarreras, Albert. _935648 |
|
| 710 | 2 |
_aFundación Banco Exterior. _94226 |
|
| 830 | 0 |
_aColección Investigaciones _9177338 |
|
| 852 |
_aES-MaACL _jL-13335 _z- Enc. cart. |
||
| 999 |
_c6218 _d6218 |
||